000 00675cab a2200217 4500
001 WB3120-02
008 090401t1995 xxu||||| |||| 00| 0 eng d
035 _a(Sirsi) u74758
041 _aeng
245 _aSpecialise or die
260 _c1995
350 _a0
490 _aBuilding
_v260(7894) 26 May 1995, 7(1)
520 _a"The construction company in and out of recession" urges contractors to develop and market specialist skills. Recommendations of this study are supported by leading contractors.
650 _aCONSTRUCTION IDNUSTRY
650 _aCONTRACTORS
650 _aSPECIALISTS
690 _aBUILT ENVIRONMENT
942 _n0
948 _c04/03/1997
999 _c47103
_d47103